[Event "GER-ch U10 Girls"]
[Site "Willingen"]
[Date "2022.06.10"]
[Round "10"]
[White "Yang, Sophie"]
[Black "Noennig, Lotte"]
[Result "0-1"]
[WhiteElo "1209"]
[BlackElo "1049"]
[PlyCount "120"]
[EventDate "2022.06.04"]
[EventType "swiss"]
[EventRounds "11"]
[EventCountry "GER"]
[SourceTitle "CBM 208 Extra"]
[Source "ChessBase"]
[SourceDate "2022.07.31"]
[SourceVersion "1"]
[SourceVersionDate "2022.07.31"]
[SourceQuality "1"]

1. e4 e5 2. Nc3 Nf6 3. Bc4 Bc5 4. d3 h6 5. f4 d6 6. Nf3 Bg4 7. Bd2 Nc6 8. h3 Bxf3 9. gxf3 Qd7 10. Qe2 0-0-0 11. 0-0-0 Nh5 12. fxe5 Ng3 13. Qg2 Nxh1 14. Rxh1 dxe5 15. Qxg7 Rdf8 16. Qg2 Rhg8 17. Qf1 h5 18. Nd5 Qd6 19. f4 Bd4 20. fxe5 Qxe5 21. c3 Bb6 22. Bf4 Qg7 23. Kb1 f5 24. Nxb6+ axb6 25. Bxg8 Qxg8 26. exf5 Rxf5 27. Qc1 Qd5 28. Ka1 Rxf4 29. a3 Rf3 30. Qe1 Rxd3 31. h4 Qa5 32. Qe8+ Rd8 33. Qe6+ Kb8 34. Rf1 Qa4 35. Qe2 b5 36. Qxh5 b4 37. Qg4 Qa6 38. Rc1 bxa3 39. b3 Na5 40. Rb1 Qd3 41. Qb4 Nc6 42. Qxa3 Qxc3+ 43. Qb2 Qxb2+ 44. Kxb2 Rd2+ 45. Ka3 Rh2 46. Re1 Rxh4 47. Re8+ Ka7 48. Rf8 Rh3 49. Rf4 Na5 50. Rb4 c5 51. Re4 Rxb3+ 52. Ka2 c4 53. Rxc4 Nxc4 54. Ka1 Kb6 55. Ka2 Nd2 56. Ka1 Kc5 57. Ka2 Kc4 58. Ka1 Kc3 59. Ka2 Kc2 60. Ka1 Ra3# 0-1